Szczegóły MARC21

Osteopatia w domu : proste metody, dzięki którym złagodzisz przewlekły ból głowy, szyi, ramion, pleców, bioder, kolan i stóp - skutecznie i długotrwale /

003 -Nazwa inst., której nr kontr. jest w polu 001 [,]
    • @
    • Nazwa instytucji, której n kontrolny jest w polu 001
    • NUKAT
005 -DATA I CZAS OSTATNIEJ MODYFIKACJI [,]
    • @
    • pole kontrolne
    • 20241231104140.0
020 -Międzynarod. znormalizowany nr książki - ISBN [ , ]
    • a
    • Numer ISBN
    • 9788382723496 Find
040 -Instytucja sporządzająca opis [ , ]
    • a
    • Instytucja, która sporządziła opis (NP)
    • SZCZ M/HS
    • b
    • Język katalogowania
    • pol
    • e
    • Zasady katalogowania
    • rda
    • c
    • Instytucja, która sporządziła rekord (NP)
    • SZCZ M/HS
    • d
    • Instytucja, która zmodyfikowała rekord (P)
    • SZCZ U/JSs
    • d
    • Instytucja, która zmodyfikowała rekord (P)
    • WR 037/MJ
041 -Język dokumentu [1, ]
    • a
    • Język tekstu (P)
    • polski
    • h
    • Język tekstu oryginalnego i/lub pośredniego (P)
    • niemiecki
942 -Rodzaj dokumentu [ , ]
    • c
    • Rodzaj dokumentu
    • Książka
100 -Hasło główne - nazwa osobowa [1, ]
    • a
    • Nazwa osobowa (NP)
    • Pfitzer, Torsten
    • d
    • Daty biograficzne (NP)
    • (1975- ).
    • e
    • Rodzaj współpracy
    • Autor
    • 9
    • KHW
    • 654452
245 -Strefa tytułu i oznaczenia odpowiedzialności [1,0]
    • a
    • Tytuł
    • Osteopatia w domu : Find
    • b
    • Ciąg dalszy tytułu (NP)
    • proste metody, dzięki którym złagodzisz przewlekły ból głowy, szyi, ramion, pleców, bioder, kolan i stóp - skutecznie i długotrwale / Find
    • c
    • Pozostałe elementy strefy tytułu i oznaczenia odpowiedzialności (NP)
    • Torsten Pfitzer, Marion Lechner ; tłumaczenie Piotr Lewiński.
246 -Wariant tytułu [1, ]
    • i
    • Tekst wyświetlany na ekranie monitora (NP)
    • Tytuł oryginału:
    • a
    • Tytuł (NP)
    • Osteopathie für zu Hause
250 -Strefa wydania [ , ]
    • a
    • Oznaczenie wydania (NP)
    • Wydanie I.
260 -Strefa adresu wydawniczego [ , ]
    • a
    • Miejsce wydania (P)
    • Białystok :
    • b
    • Nazwa wydawcy (P)
    • Vital Gwarancja Zdrowia,
    • c
    • Data wydania (P)
    • 2022.
300 -Strefa opisu fizycznego [ , ]
    • a
    • Określenie formy książki i/lub objętość (NP)
    • 236 stron :
    • b
    • Oznaczenie ilustracji (NP)
    • ilustracje kolorowe ;
    • c
    • Format (NP)
    • 24 cm.
336 -Typ zawartości [ , ]
    • a
    • Termin opisujący typ zawartości
    • Tekst
    • b
    • Kod określający zawartość
    • txt
    • 2
    • Źródło (terminu i kodu)
    • rdacontent
337 -Typ mediów [ , ]
    • a
    • Tryb odtwarzania
    • Bez urządzenia pośredniczącego
    • b
    • Kod typu mediów
    • n
    • 2
    • Źródło (terminu i kodu)
    • rdamedia
338 -Typ/rodzaj nośnika [ , ]
    • a
    • Hasło opisujące typ nośnika
    • Wolumin
    • b
    • Kod typu nośnika
    • nc
    • 2
    • Źródło (terminu i kodu)
    • rdacarrier
500 -Uwaga ogólna [ , ]
    • a
    • Uwaga ogólna (NP)
    • Na stronie tytułowej i okładce : Bóle głowy, migrena, dźwięczenie w uszach, zawroty głowy, problemy ze szczękami, bóle barku, zwapnienie okołobarkowe, zespół cieśni podbarkowej, zamrożony bark, bóle w klatce piersiowej, łokieć tenisisty, ogólny ból mięśniowy, zespół cieśni nadgarstka, bóle kręgów, postrzał (lumbago), skolioza, bóle pleców, problemy oddechowe, bóle w pachwinie, bóle stawu biodrowego, biodro trzaskające, kurcze łydki, naciągnięcie więzadeł, lokalne napięcia mięśni, ból w stawie skokowym, ostroga piętowa, paluch koślawy (halluks).
504 -Uwaga dot. bibliogr. załącznikowej [ , ]
    • a
    • Uwaga dot. bibliografii załącznikowej
    • Bibliografia na stronie 219.
650 -Hasło przedmiotowe [ ,7]
    • a
    • Hasło przedmiotowe
    • Kości
    • x
    • Określnik rzeczowy
    • choroby
    • x
    • Określnik rzeczowy
    • gimnastyka lecznicza.
    • 2
    • Źródło terminu
    • kaba
    • 9
    • KHW
    • 655674
650 -Hasło przedmiotowe [ ,7]
    • a
    • Hasło przedmiotowe
    • Trening siłowy
    • x
    • Określnik rzeczowy
    • aspekt zdrowotny.
    • 2
    • Źródło terminu
    • kaba
    • 9
    • KHW
    • 477469
700 -Hasło dodatkowe - nazwa osobowa [1, ]
    • a
    • Nazwa osobowa (NP)
    • Lechner, Marion Find
    • d
    • Daty biograficzne (NP)
    • (1967- ).
    • e
    • Określenie rodzaju współpracy
    • Autor
    • 9
    • KHW
    • 654453
700 -Hasło dodatkowe - nazwa osobowa [1, ]
    • a
    • Nazwa osobowa (NP)
    • Lewiński, Piotr. Find
    • e
    • Określenie rodzaju współpracy
    • Tłumaczenie
    • 9
    • KHW
    • 414581
710 -Hasło dodatkowe - nazwa ciała zbiorowego [2, ]
    • a
    • Nazwa ciała zbiorowego lub nazwa geograficzna jako pierwszy element (NP)
    • Wydawnictwo Vital.
    • e
    • Rodzaj współpracy
    • Wydawca
    • 4
    • Kod relacji
    • pbl
    • 9
    • KHW
    • 72847
920 -ISBN [ , ]
    • a
    • ISBN
    • 978-83-8272-349-6 Find
Numer inwentarzowy Lokalizacja Sygnatura Status udost. Data inwentaryzacji
WFM.98BM -32022-11-24
WFM.99BM -32022-11-24
WF.10968BMĆwiczenia zdrowotne 3512022-11-14